| Tag |
First Indicator |
Second Indicator |
Subfields |
| LEADER |
00000cam a2200000 4500 |
| 001 |
in00000044265 |
| 005 |
20151007071042.0 |
| 008 |
730208s1955 nyua 00010 eng u |
| 010 |
|
|
|a 55006868
|
| 035 |
|
|
|a (OCoLC)00555883
|
| 035 |
|
|
|9 AAE5227AM
|
| 040 |
|
|
|c WSU
|d TXA
|d UtOrBLW
|
| 049 |
|
|
|a TXAM [Also in] [Med Sci]
|c 2 [263248]
|
| 050 |
|
0 |
|a QH505
|b .S67
|
| 092 |
|
|
|a 574.0153
|b S775e
|
| 100 |
1 |
|
|a Stacy, Ralph W.
|
| 245 |
1 |
0 |
|a Essentials of biological and medical physics /
|c by Ralph W. Stacy and others. With an introd. by Otto Glasser.
|
| 264 |
|
1 |
|a New York :
|b McGraw-Hill,
|c 1955.
|
| 300 |
|
|
|a 586 pages :
|b illustrations ;
|c 24 cm.
|
| 336 |
|
|
|a text
|b txt
|2 rdacontent
|
| 337 |
|
|
|a unmediated
|b n
|2 rdamedia
|
| 338 |
|
|
|a volume
|b nc
|2 rdacarrier
|
| 650 |
|
0 |
|a Biophysics.
|
| 740 |
0 |
|
|a Medical physics.
|
| 999 |
|
|
|a MARS
|
| 999 |
f |
f |
|s ac5f3930-b753-3038-bbe1-63d21f89fbb5
|i ddf4df8f-eff0-3944-9e71-7771134cadaa
|t 0
|
| 952 |
f |
f |
|p ric
|a Texas A&M University
|b Rellis Campus
|c Joint Library Facility
|d Remote Storage
|t 0
|e QH505 .S67
|h Library of Congress classification
|i unmediated -- volume
|m A14800971834
|
| 998 |
f |
f |
|a QH505 .S67
|t 0
|l Remote Storage
|